| 000 | 00688nam a2200217 a 4500 | ||
|---|---|---|---|
| 005 | 20140310183447.0 | ||
| 008 | 081204s19uu xx 00 eng d | ||
| 020 | _a9780470101223 | ||
| 050 |
_aHD 30.213 _b.G367 2008 |
||
| 100 | _aGardner, Cynthia | ||
| 245 |
_aMIS cases : _bsolving small business scenarios using application software / _cCynthia Gardner |
||
| 260 |
_aU.S.A : _bJohn Wiley & Sons, _c2008. |
||
| 300 |
_a134 p. : _bill. ; _c24 cm. |
||
| 521 | _aBSBA | ||
| 650 | _aManagement information systems. | ||
| 650 |
_aBusiness _xdata processing. |
||
| 650 |
_aInformation technology _xManagement. |
||
| 700 | _aRathswohl, Eugene | ||
| 942 |
_cBK _2lcc _kFOR |
||
| 999 |
_c23277 _d23277 |
||